The Sikh heritage of Pakistan / (Record no. 566546)
[ view plain ]
| 000 -LEADER | |
|---|---|
| fixed length control field | 01139cam a2200325 i 4500 |
| 001 - CONTROL NUMBER | |
| control field | 17321625 |
| 003 - CONTROL NUMBER IDENTIFIER | |
| control field | CEME |
| 005 - DATE AND TIME OF LATEST TRANSACTION | |
| control field | 20210628201606.0 |
| 008 - FIXED-LENGTH DATA ELEMENTS--GENERAL INFORMATION | |
| fixed length control field | 120529s2012 pk a b 000 0 eng |
| 010 ## - LIBRARY OF CONGRESS CONTROL NUMBER | |
| LC control number | 2012430025 |
| 020 ## - INTERNATIONAL STANDARD BOOK NUMBER | |
| International Standard Book Number | 9789699532016 |
| 025 ## - OVERSEAS ACQUISITION NUMBER | |
| Overseas acquisition number | P-E-2012430025; 31 |
| 037 ## - SOURCE OF ACQUISITION | |
| Source of stock number/acquisition | Library of Congress -- Islamabad Overseas Office |
| Terms of availability | Rs 2500 |
| 040 ## - CATALOGING SOURCE | |
| Original cataloging agency | DLC |
| Language of cataloging | eng |
| Transcribing agency | DLC |
| Description conventions | rda |
| Modifying agency | DLC |
| 042 ## - AUTHENTICATION CODE | |
| Authentication code | lcode |
| -- | pcc |
| 043 ## - GEOGRAPHIC AREA CODE | |
| Geographic area code | a-pk--- |
| 050 00 - LIBRARY OF CONGRESS CALL NUMBER | |
| Classification number | BL2018 |
| Item number | .S33 2012 |
| 100 1# - MAIN ENTRY--PERSONAL NAME | |
| Personal name | Dr. Safdar Ali Shah, Syed Javaid A. Kazi. |
| Dates associated with a name | 1948- |
| 9 (RLIN) | 55961 |
| 245 14 - TITLE STATEMENT | |
| Title | The Sikh heritage of Pakistan / |
| Statement of responsibility, etc. | Dr. Safdar Ali Shah, Syed Javaid A. Kazi. |
| 300 ## - PHYSICAL DESCRIPTION | |
| Extent | x, 96 pages : |
| Other physical details | illustrations ; |
| Dimensions | 31 cm |
| 504 ## - BIBLIOGRAPHY, ETC. NOTE | |
| Bibliography, etc. note | Includes bibliographical references (pages 94-96). |
| 650 #0 - SUBJECT ADDED ENTRY--TOPICAL TERM | |
| Topical term or geographic name entry element | Sikhism |
| Geographic subdivision | Pakistan. |
| 9 (RLIN) | 6448 |
| 650 #0 - SUBJECT ADDED ENTRY--TOPICAL TERM | |
| Topical term or geographic name entry element | Sikhism |
| Geographic subdivision | Pakistan |
| Form subdivision | Pictorial works. |
| 9 (RLIN) | 6449 |
| 650 #0 - SUBJECT ADDED ENTRY--TOPICAL TERM | |
| Topical term or geographic name entry element | Sikh temples |
| Geographic subdivision | Pakistan. |
| 9 (RLIN) | 6450 |
| 650 #0 - SUBJECT ADDED ENTRY--TOPICAL TERM | |
| Topical term or geographic name entry element | Sikh temples |
| Geographic subdivision | Pakistan |
| Form subdivision | Pictorial works. |
| 9 (RLIN) | 6451 |
| 650 #0 - SUBJECT ADDED ENTRY--TOPICAL TERM | |
| Topical term or geographic name entry element | Sikhs |
| Geographic subdivision | Pakistan. |
| 9 (RLIN) | 6452 |
| 650 #0 - SUBJECT ADDED ENTRY--TOPICAL TERM | |
| Topical term or geographic name entry element | Sikhs |
| Geographic subdivision | Pakistan |
| Form subdivision | Pictorial works. |
| 9 (RLIN) | 6453 |
| 700 1# - ADDED ENTRY--PERSONAL NAME | |
| Personal name | Kazi, Syed Javaid A., |
| Relator term | illustrator. |
| 9 (RLIN) | 6457 |
| 942 ## - ADDED ENTRY ELEMENTS (KOHA) | |
| Source of classification or shelving scheme | |
| Koha item type | Book |
| Withdrawn status | Lost status | Source of classification or shelving scheme | Damaged status | Not for loan | Permanent Location | Current Location | Shelving location | Date acquired | Total Checkouts | Full call number | Barcode | Date last seen | Price effective from | Koha item type |
|---|---|---|---|---|---|---|---|---|---|---|---|---|---|---|
| College of Electrical & Mechanical Engineering (CEME) | College of Electrical & Mechanical Engineering (CEME) | General Stacks | 03/15/2017 | 294.60954 SAF | CEME-47687 | 06/28/2021 | 06/28/2021 | Book |
